#1 In The UK Charts On Christmas Day - Statistics

General Stats
  • This quiz has been taken 44 times
  • The average score is 9 of 22
Answer Stats
Year Artist Song % Correct
2000 Bob The Builder Can We Fix It
79%
2004 Band Aid 20 Do They Know It’s Christmas
76%
2002 Girls Aloud Sound of the Underground
61%
2008 Alexandra Burke Hallelujah
58%
2003 Michael Andrews Ft. Gary Jules Mad World
58%
2017 Ed Sheeran Perfect
48%
2009 Rage Against The Machine Killing In The Name
45%
2005 Shayne Ward That’s My Goal
45%
2006 Leona Lewis A Moment Like This
36%
2018 Ladbaby We Built This City
36%
2010 Matt Cardle When We Collide
36%
2019 Ladbaby I Love Sausage Rolls
33%
2013 Sam Bailey Skyscraper
33%
2001 Robbie Williams/Nicole Kidman Somethin’ Stupid
33%
2016 Clean Bandit Rockabye
30%
2021 Ladbaby Ft Ed Sheeran/Elton John Sausage Rolls For Everyone
27%
2007 Leon Jackson When You Believe
24%
2012 Justice Collective He Ain’t Heavy He’s My Brother
21%
2014 Ben Haenow Something I Need
21%
2011 Military Wives/Gareth Malone Wherever You Are
21%
2015 Lewisham & Greenwich NHS Choir A Bridge Over You
15%
2020 Ladbaby Don’t Stop Me Eatin’
15%
No matching quizzes found
Score Distribution
Percent of People with Each Score
Percentile by Number Answered
Your Score History
You have not taken this quiz